00660nam a2200241 a 4500001001300000003000900013005001700022008004100039020001000080082001700090100001700107245002200124260004100146300000800187500003500195505001300230650001900243700001700262902000800279942000700287952010900294999001500403nice12345678IN_TiNIC20260116011522.0050524s1942 lona grp 000 0 eng  ac10000a297.409bARB aArberry, A J aHistory of Sufism aLondonbLongmans, Green and Coc1942 a84p aincludes index and biblioraphy2 aAppendex aSufism-History1 aArberry, A J bSRS cBK 00104070aHMIbHMId2007-09-11g100.00l1o297.409 ARBp1050r2018-01-25s2018-01-22w2026-01-16yARB c2255d2255